| 000 | 00400nam a2200133Ia 4500 | ||
|---|---|---|---|
| 005 | 20260326235442.0 | ||
| 008 | 260326s9999||||xx |||||||||||||| ||und|| | ||
| 100 | _aOrganización de Estados Americanos | ||
| 245 | 0 |
_aPatrimonio Cultural : _b Preservacón de Monumentos / _cOrganización de Estados Americanos |
|
| 260 | _bOEA | ||
| 300 | _a78 p. | ||
| 650 | _aRESATURACIÓN Y CONSERVACIÓN | ||
| 942 | _cBK | ||
| 999 |
_c7443 _d7443 |
||